00985nam a2200253Ia 450000500170000000800410001702000190005808200180007710000370009524501580013225000190029030000430030949000170035250000400036965000330040965000390044265000540048170000420053526400310057733600270060833700330063533800280066804000350069620220317001114.0160825s2006 ck a g 000 0 spa  a9789582002601204a371.192bT73t1 aTriana de Riveros, Blanca Isabel13aLa tertulia familiarbelemento de comunicacion e integracion, talleres para padrescBlanca Isabel Triana de Riveros, María Victoria Salcedo de Sastoque a2a. edición  a122 páginas bilustraciones c23 cm  aAula abierta aSubtítulo tomado de la carátula142LEMBaRelaciones familiares 142LEMBaFamilia xAspectos sociales 142LEMBaComunicación interpersonal en la familia 1 aSalcedo de Sastoque, María Victoria aBogotábMagisterioc2006 atextobtxt2rdacontent asin mediaciónbn2rdamedia avolumenbnc2rdacarrier aCO-BoRNBPbspaerdacCO-BoRNBP